00663 2200253 4500001002100000005001700021008004100038020001800079035002400097040001200121082000800133090001700141100001700158245006500175250001100240260003100251300002400282440002700306650001900333850001200352990001500364990001500379990001500394YOGYA-0209000003551420090227025022.0 ind  a979-413-151-2 0010-020900000035514 aYOPDYOG a179 aT 179bHan H aHandaya, Ben aHidup sukses dan bahagiabbagaimana mencapainyacBen Handaya aCet. 3 aYogyakartabKanisiusc1992 a60 hlmbilusc21 cm aSeri Pustaka kaum muda aFilsafat hidup aYOPDYOG aP000029675 a93P0047142 a93P0047143